Normal view
MARC view
- Corona Morfín, Enrique,
Entry Nombre Personal
001 - NUMERO DE CONTROL
- campo de control: 31837
003 - IDENTIFICADOR DE NUMERO DE CONTROL
- campo de control: DLC
005 - FECHA Y HORA DE LA ÜLTIMA TRANSACCIÓN
- campo de control: 20240319154530.0
008 - DATOS DE LONGITUD FIJA
- campo de control de longitud fija: 870504n| acannaabn |a aaa c
010 ## - NÚMERO DE CONTROL DE LA BIBLIOTECA DEL CONGRESO
- Número de control LC: n 85141491
035 ## - NUMERO DE CONTROL
- Número de control: (OCoLC)oca01846642
040 ## - FUENTE DE CATALOGACIÓN
- Agencia original de catalogación: WU
- Lenguaje de catalogación: spa
- Agencia de transcripción: DLC
- Agencia que lo modifica: OCoLC
- Agencia que lo modifica: MX-MxUPN
100 1# - ENCABEZAMIENTO - NOMBRE PERSONAL
- Nombre personal: Corona Morfín, Enrique,
- Fechas asociadas con el nombre: 1887-1977
400 ## - VEÁSE - NOMBRE DE PERSONA
- Personal name: Corona, Enrique,
- Dates associated with a name: 1887-1977
670 ## - FUENTE EN LA QUE SE LOCALIZARON DATOS
- Cita de la fuente: Enrique Corona Morfín y la educación rural, 1986:
- Información localizada: p. 11 (b. Villa de Alvarez, Colima, 1887; d. México, D.F. 11/8/1977)
670 ## - FUENTE EN LA QUE SE LOCALIZARON DATOS
- Cita de la fuente: Razón de ser de las misiones culturales de la Secretaría de Educación Pública, 1947:
- Información localizada: portada (Enrique Corona)
902 ## - CATALOGADOR
- Catalogador: Víctor Ruiz/190324
